Kolory flagi Hiszpanii - Statystyki

Ogólne statystyki
  • Ten quiz został rozwiązany 17 razy
  • Średni wynik to 6 z 7
Statystyki odpowiedzi
Odpowiedź % Poprawnych
czerwony
100%
biały
93%
żółty
93%
czarny
71%
niebieski
71%
fioletowy
64%
zielony
57%
Nie znaleziono quizów pasujących do podanych kryteriów
Rozkład punktacji
Procent ludzi z każdym wynikiem
Percentyl według liczby udzielonych odpowiedzi
Twoja historia wyników
Nie rozwiązałeś tego quizu